Fußball mit "A" - Statistiken

Allgemein
  • Dieses Quiz wurde 415 mal gespielt
  • Das Durchschnittsergebnis liegt bei 11 aus 15
Antwortstatistiken
Hinweis Antwort % Korrekt
Land, das 2022 zum dritten Mal Weltmeister wurde Argentinien
100%
Wenn ein angreifender Spieler im Moment der Ballabgabe von einem Mitspieler näher zur gegnerischen Torlinie steht als der vorletzte Abwehrspieler und aktiv ins Spielgeschehen eingreift, steht er im ... Abseits
95%
Mit diesem akustischen Signal beendet der Schiedsrichter das Spiel Abpfiff
87%
Stadion von Union Berlin Alte Försterei
86%
Stadion des FC Liverpool Anfield
86%
Deutscher Abwehrspieler, der 2024 vom VfB Stuttgart zu Borussia Dortmund wechselte Waldemar {Anton}
85%
Verein aus Norditalien, dessen größter Erfolg der Gewinn der Europa League 2024 war Atalanta
83%
Stürmer, der mit Manchester City fünfmal Meister und 2015 Torschützenkönig in England wurde Sergio {Agüero}
79%
Afrikanisches Land, das bei 2006 in Deutschland zum bisher einzigen Mal an einer WM teilnahm Angola
76%
Traditioneller Name des Stadions von Arminia Bielefeld Alm
67%
Als Manager machte er den FC Schalke 04 in den 90ern und 2000ern zu einem Spitzenclub Rudi {Assauer}
67%
Verein, der 1981 seinen siebten und bisher letzten englischen Meistertitel gewann und im Jahr darauf Europokalsieger der Landesmeister wurde Aston Villa
61%
Langjähriger Abwehrspieler von Bayern München und später u. a. Trainer in Nürnberg und Leverkusen Klaus {Augenthaler}
59%
Verein aus der griechischen Hauptstadt, der von aus dem Osmanischen Reich vertriebenen Griechen gegründet wurde AEK Athen
58%
Einziges Stadion, in dem zwei WM-Endspiele ausgetragen wurden (1970 und 1986) {Azteken}stadion
40%
Keine übereinstimmenden Quizze gefunden
Verteilung der Resultate
Anzahl Personen mit jedem Resultat
Perzentil nach korrekt beantworteten Fragen
Ihre Resultats-Entwicklung
Sie haben dieses Quiz noch nicht gespielt